Statistics for Straits of the World

Click here to take the quiz!

General Stats

  • This quiz has been taken 700 times
  • The average score is 9 of 31

Answer Stats

HintAnswer% Correct
Alaska - SiberiaBering
83%
England - FranceDover
66%
Atlantic Ocean - Mediterranean seaGibraltar
58%
Black Sea - Marmara SeaBosphorus
57%
North to South New Zeland IslandsCook
50%
Persian Gulf - Gulf of OmanHormuz
49%
Malaysia - SumatraMalacca
47%
Atlantic Ocean - Pacific OceanMagellan
39%
Marmara Sea - Aegean SeaDardanelles
38%
USA - CubaFlorida
36%
China - TaiwanTaiwan
35%
Australia - TasmaniaBass
34%
Baffin Island - QuebecHudson
27%
Calabria - SicilyMessina
27%
Red Sea - Gulf of AdenBab el Mandeb
26%
India - Sri LankaPalk
24%
North Ireland - ScotlandNorth
19%
Denmark - SwedenOresund
17%
Italy - AlbaniaOtranto
17%
Manhattan - Long IslandEast River
15%
Vancouver Island - British ColumbiaGeorgia
15%
Taiwan - PhillippinesLuzon
14%
Singapore - MalaysiaJohor
13%
Borneo - SulawesiMakassar
11%
Jamaica - Hispaniola IslandJamaica
10%
Hispaniola Island - Puerto RicoMona
10%
Scandinavia - DenmarkDanish
9%
Prince Edward Island - New Brunswick/Nova ScotiaNorthumberland
7%
Sumatra - BorneoKarimata
5%
Cuba -BahamasNicholas
4%
Sweden - FinlandKvarken
3%

Score Distribution

Percentile by Number Answered

Percent of People with Each Score

Your Score History

You have not taken this quiz